Pays commençant par N - Statistiques

Statistiques générales
  • Ce quiz a été pris 524 fois
    464 depuis la dernière actualisation
  • Le résultat moyen est 7 sur 8
Statistiques - réponses
Continent Réponse % Correct
Afrique Niger
93%
Afrique Nigeria
91%
Océanie Nouvelle-Zélande
88%
Afrique Namibie
86%
Amérique du Nord Nicaragua
86%
Asie Népal
82%
L'Europe Norvège
82%
Océanie Nauru
64%
Aucun quiz correspondant
Distribution des résultats
% des personnes avec chaque résultat
Percentile par nombre de réponses
Votre historique - résultats
Vous n’avez pas pris ce quiz depuis la dernière actualisation